• 首页
  • 本馆介绍
  • 公告通知
  • 最新文献
  • 馆藏检索
  • 电子资源
  • 读者导购
  • 参考咨询
  • 我的图书馆
  • 登录
  • 详细信息显示
  • 放入我的书架
  • 预约/预借图书
  • 作者相关作品
  • 分类相关作品
  • 丛书相关作品
  • 出版社相关作品

书目信息

  • 表格格式
  • 工作单格式
  • 卡片格式
题名:
禽流感防治手册
    
 
作者: 许良 , 许良 主编
分册:  
出版信息: 北京   中国医药科技出版社  2004
页数: 75页
开本: 18cm
丛书名:
单 册:
中图分类: S858.3-62
科图分类:
主题词: 禽病--流行性感冒--防治--手册 , 禽病 , 流行性感冒
电子资源:
ISBN: 7-5067-2875-3
000 01156nam0 2200337 450
000 01121nam0 2200325 450
000 01084nam0 2200313 450
000 01002nam0 2200301 450
000 00965nam0 2200289 450
000 00899nam0 2200265 450
001 0104000022
005 20061028084500.42
010    @a7-5067-2875-3@dCNY5.00
100    @a20051012d2004 em y0chiy0110 ea
101 0  @achi
102    @aCN@b110000
105    @ay z 000yy
200 1  @a禽流感防治手册@Aqin liu gan fang zhi shou ce@f许良主编@Fxu liang zhu bian
210    @a北京@c中国医药科技出版社@d2004
215    @a75页@d18cm
330    @a该手册介绍了禽流感的历史和现状,诊断和治疗方法以及研究的最新进展;简述了预防知识,通过问答形式介绍了群众关心和要注意的事项以及卫生部最近出台的有关禽流感的几个文件等内容。
606 0  @a禽病@x流行性感冒@x防治@j手册
606 0  @a禽病
606 0  @a流行性感冒
690    @aS858.3-62@v4
701  0 @a许良@9xu liang@4主编
701  0 @a许良@Axu liang@4主编
801  0 @aCN@b北京荣雅伟业图书经销中心@c20061028
905    @aBZT@dS858.3-62@e2
906    @dCNY5.00@n0@r1
    
    禽流感防治手册/许良主编.-北京:中国医药科技出版社,2004
    75页;18cm
    
    
    ISBN 7-5067-2875-3:CNY5.00
    该手册介绍了禽流感的历史和现状,诊断和治疗方法以及研究的最新进展;简述了预防知识,通过问答形式介绍了群众关心和要注意的事项以及卫生部最近出台的有关禽流感的几个文件等内容。
●
相关链接 在五车中查询图书 在当当中查询图书 在豆瓣中查询图书


正题名:禽流感防治手册     索取号:S858.3-62/2         预约/预借

序号 登录号 条形码 馆藏地/架位号 状态 备注
1 513191   230089876   中心书库中库/ 中库031架A面5列1层4/ [索取号:S858.3-62/2] 在馆    
2 513192   230089875   中心书库中库/ 中库031架A面5列1层3/ [索取号:S858.3-62/2] 在馆    
3 513193   230089874   中心书库中库/ 中库031架A面5列1层15/ [索取号:S858.3-62/2] 在馆    
4 513194   230089873   中心书库中库/ 中库031架A面5列1层2/ [索取号:S858.3-62/2] 在馆    
5 513195   230089872   中心书库中库/ 中库031架A面5列1层1/ [索取号:S858.3-62/2] 在馆    
山东省滨州职业学院图书馆 欢迎您!
大连网信软件有限公司© 版权所有